MAASAI MARA UNIVERSITY

LIBRARY CATALOGUE

Contact Us: +254 020 2685356/7 or 0774 057787

Box: 861-20500, NAROK, KENYA

Email: info@mmarau.ac.ke

_The Ultimate Teachers Handbook / Hazel Bennett (Record no. 6897)

MARC details
000 -LEADER
fixed length control field 00427nam a2200145Ia 4500
008 - FIXED-LENGTH DATA ELEMENTS--GENERAL INFORMATION
fixed length control field 151021s9999 xx 000 0 und d
020 ## - INTERNATIONAL STANDARD BOOK NUMBER
International Standard Book Number 826485006
050 ## - LIBRARY OF CONGRESS CALL NUMBER
Classification number LB 1025.3 .B459 2005
245 ## - TITLE STATEMENT
Title _The Ultimate Teachers Handbook / Hazel Bennett
260 ## - PUBLICATION, DISTRIBUTION, ETC. (IMPRINT)
Place of publication, distribution, etc. New York : Continuum, 2005
300 ## - PHYSICAL DESCRIPTION
Extent x,256 p.
500 ## - GENERAL NOTE
General note Includes index
650 ## - SUBJECT ADDED ENTRY--TOPICAL TERM
Topical term or geographic name as entry element _Teachers guide to teaching
980 ## - EQUIVALENCE OR CROSS-REFERENCE-SERIES STATEMENT--PERSONAL NAME/TITLE [LOCAL, CANADA]
Personal name ^d20110322 03:01:57^okilerai

No items available.

© 2016 Maasai Mara University.